| 000 | 00563nam a2200217Ia 4500 | ||
|---|---|---|---|
| 003 | OSt | ||
| 005 | 20230510120817.0 | ||
| 008 | 210423s1996 xx 000 0 und d | ||
| 040 | _cAL | ||
| 041 | _aeng | ||
| 082 |
_a305.4 _223 _bTRIU |
||
| 100 |
_aTRIPATHY (S N),Ed _9101938 |
||
| 245 | _aUnorganised women labour in India | ||
| 260 |
_aNew Delhi _bSage Publications _c1996 |
||
| 300 | _bPB | ||
| 365 |
_b350 _cINR |
||
| 650 |
_aSociology _9101939 |
||
| 650 |
_aWomen Studies _9101940 |
||
| 906 | _aIndia ; labour ; Unorganised ; women | ||
| 942 |
_2ddc _cBK |
||
| 999 |
_c171821 _d171821 |
||